1853 1054 1836 1560 1357 1758 1976 1637 1006 1428 1662 1045 1055 1321 1661 1635 1941 1372 1644 1958 1047 1244 1416 1953 1979 1576 1968 1713 1796 1686 1674 1971 1011 1391 1273 1657 1064 1344 1783 1904 1676 1403 1100 1666 1150 1352 1674 1440 1665 1340 1179 1259 1898 1725 1899 1443 1107 1218 1963 1102 1237 1939 1777 1595 1209 1380 1932 1633 1242 1510 1986 1716 1800 1299 1819 1875 1857 1967 1191 1074 1496 1789 1092 1257 1778 1476 1721 1855 1125 1282 1557 2000 1970 1045 1527 1560 1574 1452 1769 BCNSPRNW ULIB Ver.6.0+V

เปลี่ยนเป็นภาษาไทย

Change to English
 แสดงรายละเอียดบรรณานุกรม
  กลับหน้าหลัก

Brief Record : Get Marc (ISO 2709) : E-mail record : QR code < ปิดหน้าต่าง
LEADER : 00000nam a2200000Ia 4500
001    13399125717
003     ULIB
008    090518s2551 th a 001 0 tha d
020    ^a9789749922781
060 04 ^aWY105^bว585ก
245 00 ^aการบริหารการพยาบาล /^cวิทยาลัยพยาบาลสภากาชาด ; รัชนี อยู่ศิริ,บรรณาธิการ
250    ^aพิมพ์ครั้งที่ 1
260    ^aกรุงเทพฯ :^bวิทยาลัย,^c2551
300    ^a327 หน้า :^bภาพประกอบ ;^c26 ซม.
650  4 ^aการพยาบาล^xการบริหาร
700 0  ^aรัชนี อยู่ศิริ,^eบรรณาธิการ
710 2  ^aวิทยาลัยพยาบาลสภากาชาด
945    ^p250^l0^i15467
995    ^aกัณชพร
999    ^aกัณชพร
รายการนี้ยังไม่มีแท็ก
คุณยังไม่ได้ล็อกอิน คุณสามารถมีกิจกรรมร่วมกับเว็บไซต์ได้ แต่ต้องล็อกอินก่อน ::
  ล็อกอิน

รายการสื่อสารสนเทศ

ลำดับที่ ประเภท เลขเรียก/บาร์โค้ด สถานที่ สถานะ
1. วิทยาศาสตร์การแพทย์ และสุขภาพ
วิทยาศาสตร์การแพทย์ และสุขภาพ
WY105 ว585ก ฉ.1 
  Barcode: 15467
ห้องสมุดวิทยาเขตนครสวรรค์
►ส่วนจัดเก็บหนังสือเก่า นว.
บนชั้น
  ขอยืม

BibComment


ยังไม่เคยถูกคอมเมนท์

คอมเมนท์ทรัพยากรรายการนี้
  คอมเมนท์: การบริหารการพยาบ..


 Copyright 2026. Bcnsprnw @Library